000 00680nam a2200217Ii 4500
003 JO-AjNU
005 20240629124228.0
008 230605s9999||||xx |||||||||||||| ||und||
040 _aJO-AjNU
_bara
_erda
_cJO-AjNU
041 _aara
050 1 4 _aBD175.B32
100 3 _aبدوي، فاطمة,
_eauthor
_917820
245 0 0 _aعلم إجتماع المعرفة بين الفكر الخلدوني الفكر الغربي
264 3 1 _aد.م: جروس برس، د.ت
300 _a108ص
336 _atext
_btxt
_2rdacontent
337 _aunmediated
_bn
_2rdamedia
338 _avolume
_bnc
_2rdacarrier
650 4 _aعلم الاجتماع المعرفي
_917821
942 _2lcc
_cBK
999 _c9153
_d9153